10 Najpopularniejszych Polskich Youtuberów - Statystyki

Ogólne statystyki
  • Ten quiz został rozwiązany 807 razy
  • Średni wynik to 4 z 10
Statystyki odpowiedzi
Liczba Subskrybcji Nazwa YouTubera % Poprawnych
4,26 mln Blowek
93%
3,18 mln Friz
91%
4,18 mln Stuu
73%
3,85 mln ReZigiusz
68%
3,64 mln Sa Wardega
38%
3,47 mln AbstrachujeTV
28%
3,86 mln Bazylland
22%
3,14 mln Step Records
15%
3,95 mln Pac Pac Gaming
1%
3,27 mln Tata Toys - zabawki dla dzieci
0%
Nie znaleziono quizów pasujących do podanych kryteriów
Rozkład punktacji
Procent ludzi z każdym wynikiem
Percentyl według liczby udzielonych odpowiedzi
Twoja historia wyników
Nie rozwiązałeś tego quizu